000 00851nam a22002177a 4500
005 20100819115645.0
010 _aENG-100904
020 _a9788182400320
_c125.00
035 _aEN-84437
037 _bDBAD/PUB
082 _a333.72
100 _aSumithra, N.
_915606
245 _aDiversity of the shola and its significance in faunal conservation :
_bthe Nilgiri context /
_cby N.Sumithra
260 _aNew Delhi
_bDhruv Publications
_c2008
270 _a4398/4A, 1st Floor, Ansari Road, Darya Gang
_bNew Delhi
_e110002
300 _a47p.:
_bill.
_c20cm (pbk)
500 _aIncludes bibliographical references
650 _aFaunal conservation
_915607
942 _2ddc
_cEN
_h333.72
_mSUM
999 _c42527
_d42527